00779nam a2200205 i 4500001000700000003000900007005001700016007000300033008004100036100004300077245008700120260002700207300002200234490005500256710002700311830006300338852003200401999001900433952012100452132827ES-MaACL20250904061106.0t|070214s1942 sp r ||||1| spa d1 aCastro, Alfonso de,d1495-1558916848910aAlfonso de Castro b: (antología) / cselección y prólogo de Juan del Rosal. aMadrid : bFe, c1942. a230 p. ; c17 cm.1 aColección "Breviarios del Pensamiento español"2 aRosal, Juan del.964600 aColección "Breviarios del Pensamiento español"9219676 aES-MaACLjF-16007 bR.20632 c132827d132827 00104070aATENEOMbATENEOMcSPP2d2008-01-17eSCl0oF-16007p1138282r2023-02-23 00:00:00w2023-02-23yMONOGRAFIA